000 00676nam a2200265Ia 4500
003 OSt
005 20221007111656.0
006 a|||||r|||| 00| 0
007 ta
008 221006b |||||||| |||| 00| 0 eng d
024 _a24,064
037 _cTextual
040 _aLCO
_cLCO
_beng
041 _2eng
_aeng
082 _aX8(A):Z, M5
100 _aMisra S.N
245 0 _aLabour and Industrial Laws
250 _a10th
260 _aAllahabad
_bAllahabad Law Agency India
_c1985
300 _a688+7+4+xiv
650 _aINDUSTRIAL LAW
700 _a Misra S.K
942 _hX8(A):Z, M5
_cTEXL
999 _c1193627
_d1193627